000 00638nam a2200253Ia 4500
005 20260121155340.0
008 008 260114s9999 xx 000 0 eng d
020 _a9781003027379
037 _aEBOOK
040 _aCRL
040 _beng
040 _cCRL
041 _2eng
041 _aeng
084 _qCRL
100 _a Maurizio Tira; MichŠle Pezzagno; Anna Richiedei
_91018426
245 0 _aPedestrians, Urban Spaces and Health
260 _bTaylor and Francis
260 _c2020
856 _uhttp://www.taylorfrancis.com/books/9781003027379
942 _cEBOOK
999 _c1585245
_d1585245